<?xml version="1.0" encoding="UTF-8"?>
<record
    xmlns:xsi="http://www.w3.org/2001/XMLSchema-instance"
    xsi:schemaLocation="http://www.loc.gov/MARC21/slim http://www.loc.gov/standards/marcxml/schema/MARC21slim.xsd"
    xmlns="http://www.loc.gov/MARC21/slim">

  <leader>00885nam a22001937a 4500</leader>
  <controlfield tag="003">OSt</controlfield>
  <controlfield tag="005">20260513004759.0</controlfield>
  <controlfield tag="008">260513b        |||||||| |||| 00| 0 eng d</controlfield>
  <datafield tag="040" ind1=" " ind2=" ">
    <subfield code="a">DWCL GS lib </subfield>
    <subfield code="c">OC </subfield>
  </datafield>
  <datafield tag="082" ind1=" " ind2=" ">
    <subfield code="a">Fic. K94k 2002 </subfield>
  </datafield>
  <datafield tag="100" ind1=" " ind2=" ">
    <subfield code="a">Krulik, Nancy </subfield>
  </datafield>
  <datafield tag="245" ind1=" " ind2=" ">
    <subfield code="a">katie kazoo, switchero: </subfield>
    <subfield code="b">oh baby!</subfield>
    <subfield code="c">Nancy Krulik </subfield>
  </datafield>
  <datafield tag="260" ind1=" " ind2=" ">
    <subfield code="a">New York </subfield>
    <subfield code="b">Groset |&amp; Dunlap </subfield>
    <subfield code="c">c2002</subfield>
  </datafield>
  <datafield tag="300" ind1=" " ind2=" ">
    <subfield code="a">76</subfield>
    <subfield code="b">illustrations </subfield>
    <subfield code="c">21cm</subfield>
  </datafield>
  <datafield tag="520" ind1=" " ind2=" ">
    <subfield code="a">In Katie Kazoo, Switcheroo: Oh, Baby! (#3) by Nancy Krulik, third-grader Katie Carew is transformed by a magic wind into her best friend Suzanne&#x2019;s baby sister, Heather. While trapped in the body of a baby, Katie learns to appreciate her life as a schoolkid while causing chaotic, humorous situations for Suzanne&#x2019;s family.</subfield>
  </datafield>
  <datafield tag="546" ind1=" " ind2=" ">
    <subfield code="a">English </subfield>
  </datafield>
  <datafield tag="700" ind1=" " ind2=" ">
    <subfield code="a">Nancy Krulik </subfield>
  </datafield>
  <datafield tag="942" ind1=" " ind2=" ">
    <subfield code="2">ddc</subfield>
    <subfield code="c">FIC.</subfield>
    <subfield code="h">Fic. K94k 2002 </subfield>
    <subfield code="n">0</subfield>
  </datafield>
  <datafield tag="952" ind1=" " ind2=" ">
    <subfield code="0">0</subfield>
    <subfield code="1">0</subfield>
    <subfield code="2">ddc</subfield>
    <subfield code="4">0</subfield>
    <subfield code="7">0</subfield>
    <subfield code="a">DWCLGS</subfield>
    <subfield code="b">DWCLGS</subfield>
    <subfield code="c">GS-Library</subfield>
    <subfield code="d">2026-05-13</subfield>
    <subfield code="e">School Fund, Donation</subfield>
    <subfield code="l">0</subfield>
    <subfield code="o">Fic. K94k 2002 </subfield>
    <subfield code="p">20064</subfield>
    <subfield code="r">2026-05-13</subfield>
    <subfield code="w">2026-05-13</subfield>
    <subfield code="y">FIC.</subfield>
    <subfield code="0"></subfield>
    <subfield code="@"></subfield>
    <subfield code="u"></subfield>
  </datafield>
  <datafield tag="999" ind1=" " ind2=" ">
    <subfield code="c">10365</subfield>
    <subfield code="d">10365</subfield>
  </datafield>
</record>
